01245nam a22002417a 4500003000900000001000900009007000300018008003600021090000900057942000800066040003300074245009500107955000600202022001400208856005900222520024800281520025300529520017700782260000900959246000800968650000800976999001900984UA-OsUOA 133041 ta20180926b un ||||| |||| 00| 0 ukr d bI-65 cMGN aUA-OsUOAcUA-OsUOAdUA-OsUOA aINNOTECcDireccion Dr. Jorge Silveira, Laboratorio Tecnologico del Uruguay (LATU), Uruguay a1 a1688-659340uhttp://ojs.latu.org.uy/index.php/INNOTEC/issue/view/253 aComunicamos que la convocatoria para el proximo numero se extendera hasta el 30 de setiembre de 2018.Este numero abordara las siguientes areas tematicas: tecnologia alimentaria, metrologia, medioambiente y forestales. INNOTEC es una revista di3 agital arbitrada del Laboratorio Tecnologico del Uruguay (LATU), de acceso abierto. La informacion relativa a nuestro proceso editorial se encuentra disponible en este sitio, donde pueden acceder a los requisitos de publicacion y a nuestro archivo.Q3 auedamos a disposicion para ampliar cualquier informacion a traves de los siguientes contactos: mbarrien@latu.org.uy y ditec@latu.org.uy o al telefono 26013724 interno 1350. c201331a1n 72UDC c421636d421636